Oberzentren und Mittelzentren mit oberzentraler Teilfunktion in RLP - Statistiken

Allgemein
  • Dieses Quiz wurde 59 mal gespielt
  • Das Durchschnittsergebnis liegt bei 8 aus 9
Antwortstatistiken
Stufe Stadt % Korrekt
Oberzentrum Mainz
100%
Oberzentrum Kaiserslautern
96%
Oberzentrum Koblenz
96%
Oberzentrum Ludwigshafen am Rhein
96%
Oberzentrum Trier
96%
Mittelzentren mit oberzentraler Teilfunktion Worms
85%
Mittelzentren mit oberzentraler Teilfunktion Speyer
83%
Mittelzentren mit oberzentraler Teilfunktion Landau
63%
Mittelzentren mit oberzentraler Teilfunktion Zweibrücken
57%
Keine übereinstimmenden Quizze gefunden
Verteilung der Resultate
Anzahl Personen mit jedem Resultat
Perzentil nach korrekt beantworteten Fragen
Ihre Resultats-Entwicklung
Sie haben dieses Quiz noch nicht gespielt